Könyvvitel munkafüzet a kereskedelmi akadémia 4. osztálya számára

Uložené v:
Podrobná bibliografia
Hlavný autor: Šlosár, Rudolf
Ďalší autori: Spitzová, Amália, Ďuricová, Oľga, Boušková, Dagmar, Majtánová, Anna, Szarková, Kristína
Médium: Kniha
Jazyk:Hungarian
Vydavateľské údaje: Bratislava Slovenské pedagogické nakladateľstvo - Mladé letá 2005
Predmet:
Tagy: Pridať tag
Žiadne tagy, Buďte prvý, kto otaguje tento záznam!

MARC

LEADER 00000nam$a2200000$$$4500
001 0060992
005 20240502071659.9
020 |a 80-10-00699-8 
041 0 |a hun 
044 |a SK 
245 1 0 |a Könyvvitel  |b munkafüzet a kereskedelmi akadémia 4. osztálya számára  |c Rudolf Šlosár ... [et al.] ; preklad Kristína Szarková 
264 1 |a Bratislava  |b Slovenské pedagogické nakladateľstvo - Mladé letá  |c 2005 
300 |a 94 s. 
610 2 0 |a účtovníctvo 
610 2 0 |a kalkulácia 
610 2 0 |a banky 
610 2 0 |a peniaze 
610 2 0 |a osnova účtová 
610 2 0 |a denníky účtovné 
100 1 |a Šlosár, Rudolf 
700 1 |a Spitzová, Amália 
700 1 |a Ďuricová, Oľga 
700 1 |a Boušková, Dagmar 
700 1 |a Majtánová, Anna 
700 1 |a Szarková, Kristína